Statistics for World War I battles: Gallipoli

Click here to take the quiz!

General Stats

  • This quiz has been taken 53 times
  • The average score is 10 of 16

Answer Stats

HintAnswer% Correct
Combatants (axis){Ottoman} Empire
95%
Combatants (allied){British} Empire
91%
Combatants (axis){German} Empire
91%
Much troops from the above came fromAustralia
86%
Combatants (allied){French} Republic
79%
Together these countries formed theANZAC
74%
Much troops from the above came fromNew Zealand
74%
Combatants (allied){Russian} Empire
74%
Combatants (axis)Austria-Hungary
67%
Which peninsula can be seen at the left sideGallipoli
67%
Which strait can be seen on the thumbnailDardanelles
60%
This batlle was similar to this operation in 1944, which not failedOperation {Overlord}
42%
Final number of divisions (allied)15
33%
Final number of divisions (axis)16
26%
Number of deaths rounded to tens of thousands110,000
14%
There were two straits between the Aegean and the Black see, name the easternmost oneBosperus
2%

Score Distribution

Percentile by Number Answered

Percent of People with Each Score

Your Score History

You have not taken this quiz